Leadership: contemporary critical perspectives (Record no. 80644)

MARC details
000 -LEADER
fixed length control field 01041nam a2200229 a 4500
008 - FIXED-LENGTH DATA ELEMENTS--GENERAL INFORMATION
fixed length control field 161031s2015 ||||||||||||||||| || u
010 ## - LIBRARY OF CONGRESS CONTROL NUMBER
LC control number 2014952894
020 ## - INTERNATIONAL STANDARD BOOK NUMBER
International Standard Book Number 9781446294383
050 ## - LIBRARY OF CONGRESS CALL NUMBER
Classification number HD 57.7 Lea
100 ## - MAIN ENTRY--PERSONAL NAME
Personal name Taylor, Scott
245 10 - TITLE STATEMENT
Title Leadership: contemporary critical perspectives
Statement of responsibility, etc. Edited by Brigid Carroll, Jackie Ford and Scott Taylor.
260 ## - PUBLICATION, DISTRIBUTION, ETC.
Place of publication, distribution, etc. London
Name of publisher, distributor, etc. SAGE Publications
Date of publication, distribution, etc. 2015
300 ## - PHYSICAL DESCRIPTION
Extent xxvii, 298 pages: ill.
500 ## - GENERAL NOTE
General note Includes bibliographical references (pages 272-289) and index.
505 ## -
-- Classical theories of leadership -- Leading in context -- Contemporary perspectives.
650 #0 - SUBJECT ADDED ENTRY--TOPICAL TERM
Topical term or geographic name entry element LEADERSHIP
700 ## - ADDED ENTRY--PERSONAL NAME
Personal name Ford, Jackie
700 ## - ADDED ENTRY--PERSONAL NAME
Personal name Carroll, Brigid
995 ## -
-- MAIN LIBRARY OPEN ACCESS
-- 747161
-- CBU-MAIN LIBRARY (Kitwe)
-- HD 57.7 Lea
-- 2
-- AVAILABLE
-- Oct 31, 2016
-- 747161
-- Main Library Open Access Collection
995 ## -
-- MAIN LIBRARY OPEN ACCESS
-- 747162
-- CBU-MAIN LIBRARY (Kitwe)
-- HD 57.7 Lea
-- 1
-- AVAILABLE
-- Oct 31, 2016
-- 747162
-- Main Library Open Access Collection
999 ## -
-- 80644
-- 80644
Holdings
Withdrawn status Lost status Source of classification or shelving scheme Damaged status Not for loan Permanent Location Current Location Shelving location Date acquired Total Checkouts Full call number Barcode Date last seen Copy number Price effective from Koha item type
          CBU-MAIN LIBRARY, KITWE. CBU-MAIN LIBRARY, KITWE.   06/30/2023   HD 57.7 Lea 747161 06/30/2023 1 06/30/2023 MONOGRAPH
          CBU-MAIN LIBRARY, KITWE. CBU-MAIN LIBRARY, KITWE.   06/30/2023   HD 57.7 Lea 747162 06/30/2023 2 06/30/2023 MONOGRAPH